| 000 | 00636nam a22002177a 4500 | ||
|---|---|---|---|
| 003 | NALT | ||
| 005 | 20220407093134.0 | ||
| 008 | s2006 eng d | ||
| 020 | _a9041124543 | ||
| 040 | _aNALT | ||
| 041 | _aeng | ||
| 090 |
_aKM 11.E86 _bB56E 2006 |
||
| 100 | 1 |
_aBlanpain, Roger _914998 |
|
| 245 | 1 | 0 |
_aEuropean labour law / _cRoger Blanpain. |
| 260 |
_aHague : _bKluwer Law International, _c2006. |
||
| 300 |
_a852 p. ; _c24 cm. |
||
| 650 | 0 |
_aEmployee rights _915000 _zEuropean Union countries |
|
| 650 | 0 |
_aLabor laws and legislation _915001 _zEuropean Union countries |
|
| 850 | _aNALT | ||
| 942 |
_cLB _2local |
||
| 999 |
_c47413 _d47413 |
||
| 998 |
_j109 _k อารีรัตน์ วิชาช่าง |
||